000 01524namaa2200373 i 4500
003 EG-GICUC
005 20260414103247.0
008 260414s2003 ua |||jr|||| 000 0 ara d
017 _a2003 / 5042
_bدار الكتب والوثائق القومية (مصر)
040 _aEG-GiCUC
_bara
_cEG-GiCUC
_dEG-GiCUC
_erda
041 1 _aara
_heng
043 _aa-ir---
082 0 4 _221
_a955.053
_bM921
092 0 4 _221
_a955.053
_bM921
099 _a955.053 M921
100 1 _aمتحدة، روى
_d1940-2024
_eمؤلف.
240 1 _aThe mantle of the prophet : religion and politics in Iran
_lArabic
245 1 _aبردة النبى :
_bالدين والسياسة فى إيران/
_cتأليف روى متحدة ؛ ترجمة رضوان السيد.
264 _aالقاهرة (مصر) :
_bالمجلس الاعلى للثقافة،
_c2003.
300 _a443 صفحة ؛
_c24 سم
336 _2rdacontent
_atext
337 _2rdamedia
_aUnmediated
338 _2rdacarrier
_avolume
490 _aالمشروع القومى للترجمة ؛
_v481
500 _aالترجمة العربية لـ : The mantle of the prophet : religion and politics in Iran
504 _a.
541 _aد. جابر عصفور ؛
_bالقاهرة ؛
_cإهداء ؛
_d2024.
650 1 7 _aالاسلام والسياسة
_zايران
_2qrmak
650 1 7 _aالشيعة
_zايران
_2qrmak
651 1 7 _2qrmak
_aايران
_y1941-1979
700 1 _aالسيد، رضوان
_eمترجم.
905 _aAya
942 _2ddc
_cBK
_e21
_n0
999 _c179456
_d179456